| 000 | 00560cam a2200205 a 4500 | ||
|---|---|---|---|
| 020 | _a0834801817 (pbk.) : | ||
| 040 | _cDLC | ||
| 082 | 0 | 0 | _a128 WEA 1983 A002 Or. |
| 100 | 1 | _aWatts, Alan, | |
| 245 | 1 | 4 |
_aThe way of liberation : _bessays and lectures on the transformation of the self / |
| 250 | _a1st ed. | ||
| 260 |
_aNew York : _bWeatherhill, _c1983. |
||
| 300 |
_axvii, 98 p. ; _c21 cm. |
||
| 650 | 0 | _aPhilosophy, Asian. | |
| 650 | 0 | _aSalvation. | |
| 650 | 0 | _aMeditation. | |
| 700 | 1 | _aWatts, Mark. | |
| 700 | 1 | _aShropshire, Rebecca. | |
| 942 | _cEK | ||
| 999 |
_c12722 _d12722 |
||